Statistics for Capitals with the Country in its Name

Click here to take the quiz!

General Stats

  • This quiz has been taken 17 times
  • The average score is 12 of 19

Answer Stats

Answer% Correct
Mexico City
94%
Panama City
94%
Vatican City
94%
Guatemala City
88%
San Marino
88%
Andorra la Vella
81%
Luxembourg
81%
Monaco
81%
Kuwait City
69%
Brasilia
63%
Tunis
50%
San Salvador
44%
São Tomé
44%
Singapore
44%
Algiers
38%
Djibouti
38%
Taipei
31%
Santo Domingo
19%
Sri Jayawardenepura Kotte
13%

Score Distribution

Percentile by Number Answered

Percent of People with Each Score

Your Score History

You have not taken this quiz